000
00292nam a22001337a 4500
008
170526b xxu||||| |||| 00| 0 eng d
020
_a
9780136782285
041
_a
eng
080
_a
621.3
100
_a
27
101
_a
IM
245
_a
ELECTRIC POWER SYSTEMS
_c
TORO, V.D
942
_2
udc
_c
BK
999
_c
14544
_d
14544